Lord of the Rings Actors/Actresses by other Movies - Statistics

General Stats
  • This quiz has been taken 172 times
    168 since last reset
  • The average score is 8 of 17
Answer Stats
Movie Actor/Actress % Correct
Pirates of the Caribbean orlando bloom
95%
Hidalgo viggo mortensen
75%
The Curious Case of Benjamin Button cate blanchett
64%
The Good Son elijah wood
63%
National Treasure sean bean
57%
Rudy sean astin
55%
Armageddon liv tyler
54%
Star Wars episodes 2,3 christopher lee
53%
Master and Commander billy boyd
47%
Planet of the Apes/The Prestige andy serkis
44%
Captain America 1 hugo weaving
43%
Indiana Jones John Rhys-Davies
42%
X-men Origins: Wolverine dominic monaghan
39%
Titanic bernard hill
30%
Pete's Dragon karl urban
28%
300 david wenham
26%
Beauty and the Beast (2017) ian mckellen
4%
No matching quizzes found
Score Distribution
Percent of People with Each Score
Percentile by Number Answered
Your Score History
You have not taken this quiz since the last reset